Marvel Characters - Statistics

General Stats
  • This quiz has been taken 53 times
  • The average score is 59 of 191
Answer Stats
Answer % Correct
Iron Man
98%
Hulk
93%
Captain America
85%
Spider-Man
85%
Hawkeye
83%
Wolverine
83%
M
80%
Black Widow
78%
Gamora
75%
Groot
75%
Star-Lord
75%
Rocket Raccoon
73%
Scarlet Witch
73%
Black Panther
70%
Captain Marvel
70%
The Falcon
70%
Thor
70%
Doctor Strange
68%
Professor X
68%
Winter Soldier
68%
She-Hulk
65%
Vision
65%
Ant Man
63%
Human Torch
63%
Moon Knight
60%
Quicksilver
60%
The Thing
60%
Cyclops
58%
Deadpool
58%
The Beast
58%
War Machine
58%
Beast
55%
Daredevil
55%
The Wasp
55%
Invisible Woman
53%
Iron Fist
53%
Mantis
53%
Ms. Marvel
53%
Black Bolt
50%
Iceman
50%
Luke Cage
50%
Jessica Jones
48%
Gambit
45%
Medusa
45%
Red Guardian
45%
The Phoenix
45%
Ghost
43%
Mister Fantastic
43%
Nebula
43%
Storm
43%
The Punisher
43%
Adam Warlock
40%
Drax the Destroyer
40%
Nightcrawler
40%
Rogue
40%
Red Hulk
38%
Colossus
35%
Elektra
35%
Kitty Pryde
35%
Blade
33%
Ghost Rider
33%
Ikaris
33%
Jubilee
33%
Kate Bishop
33%
Shang-Chi
33%
Spider-Woman
33%
Wiccan
33%
Nova
30%
Sersi
30%
Valkyrie
30%
Ajak
28%
Emma Frost
28%
Namor
28%
Nick Fury
28%
Psylocke
28%
Speed
28%
Sprite
28%
Crystal
25%
Gilgamesh
25%
Ironheart
25%
Lockjaw
25%
Silver Surfer
25%
Thena
25%
X-23
25%
Hulkling
23%
Kingo
23%
Taskmaster
23%
Bishop
20%
Echo
20%
Makkari
20%
Wonder Man
20%
Black Knight
18%
Druig
18%
Triton
18%
America Chavez
15%
Dazzler
15%
Hercules
15%
Man-Thing
15%
Amadeus Cho
13%
Franklin Richards
13%
Karnak
13%
Stature
13%
Northstar
10%
Photon
10%
Puck
10%
Ares
8%
Aurora
8%
Blue Marvel
8%
Elsa Bloodstone
8%
Gorgon
8%
Guardian
8%
Hellcat
8%
Hyperion
8%
Marvel Girl
8%
Morbius
8%
Namorita
8%
Singularity
8%
Speedball
8%
Alex Wilder
5%
Baron Zemo
5%
Bucky Barnes
5%
Chase Stein
5%
Firestar
5%
Justice
5%
Karolina Dean
5%
Ms. America
5%
Nico Minoru
5%
Patriot
5%
Sasquatch
5%
Shaman
5%
Snowbird
5%
Songbird
5%
Valeria Richards
5%
Vindicator
5%
Cosmo the Spacedog
3%
Daisy Johnson
3%
Gert Yorkes
3%
Hellfire
3%
Kamala Khan
3%
Molly Hayes
3%
Moonstone
3%
Phobos
3%
Spectrum
3%
Viv Vision
3%
Yondu Udonta
3%
Atlas
0%
Citizen V
0%
Contessa Valentina Allegra de Fontaine
0%
Fixer
0%
Hellstorm
0%
Mach-X
0%
Marinna
0%
Marvel Boy
0%
Maximus the Mad
0%
Negasonic Teenage Warhead
0%
Night Thrasher
0%
Noh-Varr
0%
Old Lace
0%
Red Locust
0%
Silhouette
0%
Spitfire
0%
Talisman
0%
Toro
0%
Union Jack
0%
Yo-Yo Rodriguez
0%
No matching quizzes found
Score Distribution
Percent of People with Each Score
Percentile by Number Answered
Your Score History
You have not taken this quiz